Ο διαλεκτικός υλισμός : δύο μελέτες
Saved in:
| Main Author: | |
|---|---|
| Format: | Book |
| Language: | Greek French |
| Published: |
[Αθήνα] :
Γερ.Αναγνωστίδης,
1940.
|
| Edition: | 5η εκδ. |
| Subjects: | |
| Tags: |
Add Tag
No Tags, Be the first to tag this record!
|
MARC
| LEADER | 00000cam a2200000 i 4500 | ||
|---|---|---|---|
| 001 | 1/78735 | ||
| 008 | 960530q19401980gr | ||| |||| ||gre|| | ||
| 035 | |a 1987 |b 1 |c Αγορά |l 10033001 | ||
| 040 | |a GR-MyUa |b gre |e AACR2 | ||
| 041 | 1 | |a gre |h fre | |
| 082 | 7 | |a 335.4112 |2 (22) | |
| 100 | 1 | |a Lefebvre, Henri, |d 1901-1991. | |
| 245 | 1 | 2 | |a Ο διαλεκτικός υλισμός : |b δύο μελέτες / |c Henri Lefebvre. |
| 250 | |a 5η εκδ. | ||
| 260 | |a [Αθήνα] : |b Γερ.Αναγνωστίδης, |c 1940. | ||
| 300 | |a 183 σ. ; |c 18 εκ. | ||
| 500 | |a Τίτλος πρωτοτύπου: Le materialisme dialectique. | ||
| 650 | 0 | |a Dialectical materialism. | |
| 852 | |a INST |b RHODES |e 19960530 |h 335.4112 LEF |p 005400003945 |q 005400003945 |t BK |y 0 | ||
| 970 | |z 1996/05/30 | ||